000 00489nam a2200193 a 4500
001 1758436810806
003 YourLibrary
005 20250921121127.0
008 250921s2002##################000#0#eng##
020 _a9780896036574
082 0 4 _a572.87
_bDOV
100 1 _aDouble, John A.,
_eauthor.
245 1 0 _aMethods in Molecular Biology :
260 _c2002.
300 _a221 pages
650 0 _aMolecular biology.
942 _cENGLISH
040 _aYourLibrary
_beng
_cYourLibrary
999 _c588508
_d588508